U.S Cities with at Least 600,000 People - Statistics

General Stats
  • This quiz has been taken 96 times
  • The average score is 25 of 30
Answer Stats
Population Answer % Correct
3,976,322 Los Angeles
96%
8,537,673 New York City
94%
2,704,958 Chicago
93%
672,795 Detroit
93%
1,317,929 Dallas
92%
673,184 Boston
90%
2,303,482 Houston
90%
1,406,630 San Diego
90%
704,352 Seattle
90%
1,567,872 Philadelphia
88%
1,615,017 Phoenix
88%
870,877 San Francisco
88%
947,890 Austin
87%
693,060 Denver
87%
632,912 Las Vegas
84%
639,863 Portland
84%
1,492,510 San Antonio
83%
842,050 Charlotte
82%
614,664 Baltimore
81%
660,338 Nashville
81%
880,619 Jacksonville
80%
1,025,350 San Jose
78%
860,090 Columbus
77%
855,164 Indianapolis
75%
652,717 Memphis
72%
683,080 El Paso
71%
854,113 Fort Worth
70%
638,367 Oklahoma City
67%
681,170 Washington D.C
65%
616,261 Louisville
64%
No matching quizzes found
Score Distribution
Percent of People with Each Score
Percentile by Number Answered
Your Score History
You have not taken this quiz